Implementation of a FH-OFDM Based Transceiver on a Software Defined Radio Kit : Phase II (Record no. 326490)

000 -LEADER
fixed length control field 00395 a2200133 4500
001 - CONTROL NUMBER
control field 91417
082 ## - DEWEY DECIMAL CLASSIFICATION NUMBER
Classification number PR 1314
090 ## - LOCALLY ASSIGNED LC-TYPE CALL NUMBER (OCLC); LOCAL CALL NUMBER (RLIN)
-- 43547
-- 43546
100 ## - MAIN ENTRY--PERSONAL NAME
Personal name Aqib Ali; Prof Sohail Ahmed (Advisor)
245 ## - TITLE STATEMENT
Title Implementation of a FH-OFDM Based Transceiver on a Software Defined Radio Kit : Phase II
Number of part/section of a work 72 "B" EC
260 ## - PUBLICATION, DISTRIBUTION, ETC.
Place of publication, distribution, etc. Rawalpindi
Name of publisher, distributor, etc. NUST
Date of publication, distribution, etc. 2012
300 ## - PHYSICAL DESCRIPTION
Extent 62p
500 ## - GENERAL NOTE
General note BE Project Reports
942 ## - ADDED ENTRY ELEMENTS (KOHA)
Institution code [OBSOLETE] CAE NUST
Call number prefix PR 1314
Holdings
Withdrawn status Lost status Damaged status Not for loan Collection code Permanent Location Current Location Date acquired Total Checkouts Full call number Barcode Date last seen Price effective from Koha item type
          College of Aeronautical Engineering (CAE) College of Aeronautical Engineering (CAE) 04/03/2017   PR 1314 CAEPR-1314 04/05/2017 04/05/2017 Book
© 2023 Central Library, National University of Sciences and Technology. All Rights Reserved.